Five Famous People by First Name #6 - Statistics

General Stats
  • This quiz has been taken 229 times
  • The average score is 17 of 30
Answer Stats
Clue Person % Correct
The Iron Lady Margaret Thatcher
96%
Victorian London serial killer Jack the Ripper
91%
"First Man" portrays his life Neil Armstrong
88%
Former Mayor of London Boris Johnson
85%
"The Shining" star Jack Nicholson
84%
Tennessean whiskey maker Jack Daniel
83%
"Sweet Caroline" singer Neil Diamond
82%
First post-Soviet Russian leader Boris Yeltsin
80%
"School of Rock" lead actor Jack Black
80%
Former U.S. House Speaker Nancy Pelosi
72%
"Just Say No" to drugs she said Nancy Reagan
72%
Youngest Wimbledon tennis champion Boris Becker
66%
Partnered with Crosby, Stills & Nash Neil Young
62%
"Oye Como Va" guitarist Carlos Santana
58%
You shot her down, bang bang Nancy Sinatra
58%
He portrayed Barney Stinson Neil Patrick Harris
57%
Greatest golfer ever? Jack Nicklaus
50%
Tonya Harding's rival Nancy Kerrigan
50%
"The Handmaiden's Tale" author Margaret Atwood
46%
"Gone with the Wind" author Margaret Mitchell
45%
Youngest No. 1 male tennis player Carlos Alcaraz
37%
Host of "Cosmos: A Spacetime Odyssey" Neil deGrasse Tyson
37%
"Doctor Zhivago" author Boris Pasternak
34%
World's richest person, 2010-2013 Carlos Slim
28%
She is the voice of Bart, Kearny, and Nelson in "The Simpsons" Nancy Cartwright
26%
He drives for Ferrari, so did his father Carlos Sainz, Jr.
25%
Bobby Fischer beat him in 1974 Boris Spassky
24%
Birth control activist Margaret Sanger
23%
Footballer with a blonde Afro Carlos Valderrama
16%
Scottish queen regent for 3 years.Her father was King Henry VII Margaret Tudor
16%
No matching quizzes found
Score Distribution
Percent of People with Each Score
Percentile by Number Answered
Your Score History
You have not taken this quiz